Central Library OPAC University of Rajshahi

The History of Bengal / (Record no. 25520)

MARC details
000 -LEADER
fixed length control field 00970nam a22002657a 4500
001 - CONTROL NUMBER
control field 25520
003 - CONTROL NUMBER IDENTIFIER
rucl marc code BD-RjUL
005 - DATE AND TIME OF LATEST TRANSACTION
control field 20220831103418.0
008 - FIXED-LENGTH DATA ELEMENTS--GENERAL INFORMATION
fixed length control field 140318r19631943bg aof|| |||| 001 0 eng d
035 ## - SYSTEM CONTROL NUMBER
System control number (BD-RjUL)25590
040 ## - CATALOGING SOURCE
Original cataloging agency BD-RjUL
Language of cataloging eng
Transcribing agency BD-RjUL
041 ## - LANGUAGE CODE
Language code of text/sound track or separate title eng
082 04 - DEWEY DECIMAL CLASSIFICATION NUMBER
Classification number 954.14
Author mark and year HIS 1963
245 14 - TITLE STATEMENT
Title The History of Bengal /
Statement of responsibility, etc. Ramesh Chandra Majumdar
260 ## - PUBLICATION, DISTRIBUTION, ETC. (IMPRINT)
Place of publication, distribution, etc. Dacca :
Name of publisher, distributor, etc. University of Dacca,
Date of publication, distribution, etc. 1943 [impression 1963].
300 ## - PHYSICAL DESCRIPTION
Pagination V. :
Illustrations illustrations (including plans) plates (some color mounted) folded maps 26 cm
Size 24 cm.
490 ## - SERIES STATEMENT
Series statement History of Bengal,
Volume/sequential designation I.
500 ## - GENERAL NOTE
General note First edition: May 1943." The preparation and publication of the history is under the management of the History of Bengal publication committee. cf. p. viii.
504 ## - BIBLIOGRAPHY, ETC. NOTE
Bibliography, etc includes index.
505 01 - FORMATTED CONTENTS NOTE
Formatted contents note Vol.1--V. 2--
650 1# - SUBJECT ADDED ENTRY--TOPICAL TERM
Topical term or geographic name as entry element Bengal (India) -- History.
9 (RLIN) 78476
Topical term or geographic name as entry element India
Form subdivision Bengal.
9 (RLIN) 118248
700 1# - ADDED ENTRY--PERSONAL NAME
Personal name Mujumdar, R.C.
942 ## - ADDED ENTRY ELEMENTS (KOHA)
Source of classification or shelving scheme Dewey Decimal Classification
Koha item type Books
Holdings
Lost status Source of classification or shelving scheme Damaged status Not for loan Collection code Permanent Location Current Location Shelving location Date acquired Source of acquisition Cost, normal purchase price Total Checkouts Full call number Date last seen Date checked out Copy number Koha item type
  Dewey Decimal Classification     Non-fiction Central Library, University of Rajshahi Central Library, University of Rajshahi   03/01/1964 University of Dacca 40.00 2 954.14 HIS V-1 1963 21/11/2022 20/11/2022 C-4 Books
  Dewey Decimal Classification     Non-fiction Central Library, University of Rajshahi Central Library, University of Rajshahi   14/11/1992 Asia foundation 0.00 1 954.14 HIS V-1 1943 27/02/2017 29/01/2017 C-2 Books
  Dewey Decimal Classification   Not For Loan Non-fiction Central Library, University of Rajshahi Central Library, University of Rajshahi Reading Room 17/02/1973 University of Dhaka 400.00   954.14 HIS V-1 1963 17/10/2015   C-1 Books
  Dewey Decimal Classification     Non-fiction Central Library, University of Rajshahi Central Library, University of Rajshahi   03/01/1964 University of Dhaka 64.00   954.14 HIS V-1 1963 17/10/2015   C-3 Books
  Dewey Decimal Classification     Non-fiction Central Library, University of Rajshahi Central Library, University of Rajshahi   17/02/1973 University of Dhaka 400.00   954.14 HIS V-1 1963 17/10/2015   C-6 Books
  Dewey Decimal Classification     Non-fiction Central Library, University of Rajshahi Central Library, University of Rajshahi   17/12/1957 Ragistrar, University of Dhaka 105.00   954.14 HIS V-1 1963 17/10/2015   C-7 Books
  Dewey Decimal Classification     Non-fiction Central Library, University of Rajshahi Central Library, University of Rajshahi   18/02/1973 Dhaka university 400.00 1 954.14 HIS v-1 1963 17/05/2017 18/04/2017 C-5 Books
  Dewey Decimal Classification     Non-fiction Central Library, University of Rajshahi Central Library, University of Rajshahi   18/02/1973 Dhaka University 40.00   954.14 HIS V-1 1963 29/03/2017   C-8 Books
  Dewey Decimal Classification     Non-fiction Central Library, University of Rajshahi Central Library, University of Rajshahi General Stacks 17/02/1973 University of Dhaka 570.00   954.14 HIS V-2 1963 31/08/2022   C-2 Books